000 00685nam a2200169 4500
999 _c15794
_d15794
008 201125b ||||| |||| 00| 0 eng d
022 _a0730-3084
082 _aDPer 613.705 J863 Sept 2015-Apr 2016 v. 86-87
100 _aLorson, Kevin.
_942620
245 _aAdvocacy, assessment and accountability:
_busing policy to impact practice in Ohio/
_cKevin Lorson and Stephen Mitchell.
260 _aPhiladelphia:
_bShape America-Society of Health and Physical Educators,
_c©Sept 2015-Apr 2016.
300 _av87, n3, pages 9-15:
_billustrations;
_c28 cm.
500 _aJOPERD
650 _aPhysical education
_xPolicy.
_942621
700 _aMitchell, S.
_eAuthor.
_942622
942 _2ddc
_cPER